| 000 | 00491nam a2200193Ia 4500 | ||
|---|---|---|---|
| 005 | 20250603145232.0 | ||
| 008 | 250603s9999 xx 000 0 und d | ||
| 020 | _a9781451189353 | ||
| 050 | _aQR 67 .C64/ | ||
| 100 | _aProcop, Gary W...[et al.] | ||
| 245 | 0 | _aKoneman's color atlas and textbook of diagnostic microbiology | |
| 250 | _a7th ed. | ||
| 260 | _aPhiladelphia | ||
| 260 | _bWolters Kluwer | ||
| 260 | _c2017 | ||
| 300 | _a1606 p | ||
| 650 | _aPhiladelphia | ||
| 942 | _cBK | ||
| 999 |
_c41269 _d41269 |
||